Contagem em algarismos romanos - Sprint de 30 segundos - Statistics

Estatísticas Gerais
  • Esse quiz foi jogado 253 vezes
  • A pontuação média é 17 de 50
Estatísticas das Respostas
# % Correto
I
100%
II
99%
III
98%
IV
96%
V
96%
VI
95%
VII
94%
VIII
93%
IX
86%
X
86%
XI
84%
XII
84%
XIII
83%
XIV
69%
XV
66%
XVI
63%
XVII
55%
XVIII
49%
XIX
42%
XX
39%
XXI
34%
XXII
25%
XXIII
22%
XXIV
14%
XXV
10%
XXVI
8%
XXVII
4%
XXVIII
3%
XXIX
2%
XXX
1%
L
0%
XL
0%
XLI
0%
XLII
0%
XLIII
0%
XLIV
0%
XLIX
0%
XLV
0%
XLVI
0%
XLVII
0%
XLVIII
0%
XXXI
0%
XXXII
0%
XXXIII
0%
XXXIV
0%
XXXIX
0%
XXXV
0%
XXXVI
0%
XXXVII
0%
XXXVIII
0%
Nenhum quiz correspondente encontrado
Distribuição das Pontuações
Porcentagem de Pessoas com Cada Pontuação
Percentil de Números Respondidos
Sua Pontuação Histórica
Você não jogou esse quiz